header

The single European currency in national perspective (Record no. 16316)

MARC details
000 -LEADER
fixed length control field 01601nam a2200397 a 4500
082 04 - DEWEY DECIMAL CLASSIFICATION NUMBER
Classification number 332.494
245 04 - TITLE STATEMENT
Title The single European currency in national perspective
250 ## - EDITION STATEMENT
Edition statement [New ed.].
260 ## - PUBLICATION, DISTRIBUTION, ETC. (IMPRINT)
Place of publication Basingstoke :
Name of publisher Macmillan,
Year of publication 2000.
300 ## - PHYSICAL DESCRIPTION
Number of Pages x, 219 p.
500 ## - GENERAL NOTE
General note Previous ed.: i.e. 1st ed., 1998 - This ed. reprinted with alterations.
650 #0 - SUBJECT ADDED ENTRY--TOPICAL TERM
Topical Term Monetary unions
Topical Term Monetary policy
Topical Term European currency unit.
700 1# - ADDED ENTRY--PERSONAL NAME
Personal name Moss, Bernard H.
Personal name Michie, Jonathan.
856 40 - ELECTRONIC LOCATION AND ACCESS
Uniform Resource Identifier http://site.ebrary.com/lib/rucke/Doc?id=5001717

No items available.

© 2026 Rongo University
Contact us: librarian | system librarian | Rongo university